00436pab a2200145 454500008004000000100001800040245011200058260000900170300001500179362001200194650002100206650002700227650001800254773001800272180718b2018 xxu||||| |||| 00| 0 eng d aOjilere, Aloy aThe diplomacy of homocapitalism against Africa: same-sex marriage and the west's promotion of homosexuality c2018 ap.152-163. aJan-Mar aSexual behaviour aHomosexuality - Africa aHomosexuality aWorld Affairs